Invisible girl / Mariel Hemingway ; [illustrations ... Read More
Available copies
- 1 of 1 copy available at LARL/NWRL Consortium.
Current holds
0 current holds with 1 total copy.
Show Only Available Copies
| Location | Call Number / Copy Notes | Barcode | Shelving Location | Status | Due Date |
|---|---|---|---|---|---|
| Hallock Public Library | ya 921 HEM (Text) | 35500005635279 | Main | Available | - |
Record details
- ISBN: 9781941393246
- ISBN: 1941393241
- Physical Description: ix, 148 pages : illustrations ; 22 cm.
- Edition: First Regan Arts hardcover edition.
- Publisher: New York : Regan Arts, 2015.
Content descriptions
| Summary, etc.: | "What is it like to be a teen with depressed ... Read More |
Search for related items by subject
| Subject: | Hemingway, Mariel. Motion picture actors and actresses > United States > Biography. |
| LDR | 01524cam a2200337Ii 4500 | ||
|---|---|---|---|
| 001 | 179453 | ||
| 003 | LARL_NWRL_CONSORTIUM | ||
| 005 | 20150420021116.0 | ||
| 008 | 141023s2015 nyua 000 0 eng d | ||
| 010 | . | ‡a2015930622 | |
| 020 | . | ‡a9781941393246 ‡qhardcover | |
| 020 | . | ‡a1941393241 ‡qhardcover | |
| 035 | . | ‡a(OCoLC)893895450 | |
| 040 | . | ‡aBTCTA ‡beng ‡erda ‡cBTCTA ‡dYDXCP ‡dZQP ‡dCGP ‡dDAD ‡dVP@ ‡dGZD | |
| 049 | . | ‡aNRG | |
| 082 | 0 | 4. | ‡a791.4302/8092 ‡aB ‡223 |
| 092 | . | ‡a791.43028092 ‡bH488 | |
| 100 | 1 | . | ‡aHemingway, Mariel, ‡eauthor. ‡0(LARL_NWRL_CONSORTIUM)7365 |
| 245 | 1 | 0. | ‡aInvisible girl / ‡cMariel Hemingway ; [illustrations by Alex Camlin]. |
| 250 | . | ‡aFirst Regan Arts hardcover edition. | |
| 260 | . | ‡aNew York : ‡bRegan Arts, ‡c2015. | |
| 300 | . | ‡aix, 148 pages : ‡billustrations ; ‡c22 cm. | |
| 336 | . | ‡atext ‡btxt ‡2rdacontent. | |
| 337 | . | ‡aunmediated ‡bn ‡2rdamedia. | |
| 338 | . | ‡avolume ‡bnc ‡2rdacarrier. | |
| 520 | . | ‡a"What is it like to be a teen with depressed addicts for parents, a mentally ill sister, and a grandfather who killed himself? In this moving, compelling diary, Mariel Hemingway writes as her teen self to share her pain, heartache, and coping strategies with young readers."--Provided by publisher. | |
| 600 | 1 | 0. | ‡aHemingway, Mariel. ‡0(LARL_NWRL_CONSORTIUM)7365 |
| 650 | 0. | ‡aMotion picture actors and actresses ‡zUnited States ‡vBiography. ‡0(LARL_NWRL_CONSORTIUM)166288 | |
| 700 | 1 | . | ‡aCamlin, Alex, ‡eillustrator. |
| 901 | . | ‡a179453 ‡bISxN ‡c179453 ‡tbiblio | |

Add to basket
Permalink
Disable Highlighting